00842nam a2200301Ia 4500008004000000020001500040041000800055082001700063100002500080245005600105260003700161300001300198650001000211650001300221650001200234650001600246650001000262650001100272650001100283650001500294650001100309650000800320650000600328690001700334906001100351999001900362952015900381210210b2009 xxu||||| |||| 00| 0 eng d a8170337755 aeng a361.614 AGOW aAGOSIN (Marjorie) Ed aWomen gender and human rights: a global perspective aJaipurbRawat Publicationsc2009 aviii,339 aWomen aVoilence arights: aperspective ahuman aHealth aglobal aGirl child agender aand aa aHuman Rights a064815 c141765d141765 00102ddc40708Human RightsaALbALd2021-02-17eAthulya Books, Kannurg850.00l2o361.614 AGOWp064815r2022-05-09 00:00:00s2022-04-29w2021-02-17yBK